| 000 | 00379nam a22001577a 4500 | ||
|---|---|---|---|
| 999 |
_c10441 _d10441 |
||
| 003 | OSt | ||
| 008 | 210210b ||||| |||| 00| 0 eng d | ||
| 020 | _a9788193891247 | ||
| 100 | _aMalik,Jai | ||
| 245 | _aPharmacognosy and Phytochemistry | ||
| 250 | _a1st | ||
| 260 |
_aNew Delhi _bPaging Publishers _c2019 |
||
| 300 | _a382 | ||
| 650 | _aPharmacognosy | ||
| 942 |
_2ddc _cBK _010 |
||